000 00884nam a2200253Ia 4500
003 OSt
005 20260113094600.0
008 210716s2019 xx 000 0 und d
020 _a9789352138104
040 _cAIMIT LIBRARY
041 _aeng
082 _a621.399
_bPANE
245 _aCreating augmented and virtual realities: theory and practice for next generation spatial computing.
_bTheory and practice for next generation spatial computing.
250 _a1
260 _aMumbai
_bShroff Publishers and Distributors Pvt Ltd
_c2019
300 _axxvi,340 p.;
_bPB
_c24 cm.
650 _aEnhancing data representation
_9250997
650 _aCases in embodied reality
_9250998
650 _aHardware slam tracking
_9250999
700 _aPangilinan, Erin.
_9251000
700 _aLukas, Steve.
_9251001
700 _aVasanth Mohan.
_9251002
942 _2ddc
_cBK
_k621.399 PANE
999 _c197095
_d197095